| 000 | 01634nam a2200457 i 4500 | ||
|---|---|---|---|
| 001 | 20834 | ||
| 003 | KOSZ 005 | ||
| 005 | 20200525082708.0 | ||
| 008 | 000114s1980 pl a f |000 0 pol | ||
| 015 | _aPB 1981/1815 | ||
| 040 |
_aWA N _cWA N _dKOSZ 005/HR |
||
| 041 | 0 | _apol | |
| 046 | _k1980 | ||
| 080 | _a621.01 | ||
| 080 | _a539.3/.6 | ||
| 080 | _a519.61/.64 | ||
| 080 | _a004.42 | ||
| 100 | 1 |
_aKleiber, Michał _d(1946- ) _eAutor |
|
| 245 | 1 | 0 |
_aDynax-1 - dynamiczna analiza osiowosymetrycznych ciał i powłok sprężystych poddanych dowolnemu obciążeniu metodą elementów skończonych : _bteoria oraz opis i instrukcja użytkowania programu / _cM. Kleiber, T. D. Hien ; [Instytut Podstawowych Problemów Techniki Polskiej Akademii Nauk]. |
| 260 |
_aWarszawa : _bIPPT PAN, _c1980. |
||
| 300 |
_a71, [1] s. : _bil., tab., wykr. ; _c21 cm. |
||
| 336 |
_2rdacontent _aTekst _btxt |
||
| 337 |
_2rdamedia _aBez urządzenia pośredniczącego _bn |
||
| 338 |
_2rdacarrier _aWolumin _bnc |
||
| 380 | _aKsiążki | ||
| 380 | _aPublikacje naukowe | ||
| 388 | _a1901-2000 | ||
| 388 | _a1945-1989 | ||
| 490 | 1 |
_aPrace IPPT, _x0208-5658 ; _v25/1980. |
|
| 500 | _aNa prawach rpsu. | ||
| 504 | _aBibliogr. s. 61. | ||
| 650 | 4 | _aAnaliza numeryczna | |
| 650 | 4 | _aKonstrukcje | |
| 650 | 4 | _aMechanika | |
| 650 | 4 | _aSprężystość | |
| 658 | _aInżynieria i technika | ||
| 700 | 1 |
_aTran, Duong Hien _eAutor |
|
| 830 | 0 |
_aPrace IPPT _v25/1980 |
|
| 856 |
_uhttp://koha.tu.koszalin.pl/cgi-bin/koha/opac-detail.pl?biblionumber=20834 _yKatalog online BPK |
||
| 942 |
_2UKD _cKS |
||
| 999 |
_c20834 _d20834 |
||